000
00216 a2200097 4500
001
41718
100
_a
Abdul Aziz Fitrat
245
_a
Kalam Fitrat
260
_a
_b
Bazm Asam Dafan Pakistan
_c
090
_c
25839
_d
25839
942
_a
NUST-CAE
_c
M
_c
17601
999
_c
276791
_d
276791